书目信息 |
| 题名: |
艺术设计美学
|
|
| 作者: | 陈望衡 主编 | |
| 分册: | ||
| 出版信息: | 武汉 武汉大学出版社 2000.07 |
|
| 页数: | 419页 | |
| 开本: | 20cm | |
| 丛书名: | ||
| 单 册: | ||
| 中图分类: | J501 | |
| 科图分类: | ||
| 主题词: | 工艺美术--艺术理论 | |
| 电子资源: | ||
| ISBN: | 7-307-02851-4 | |
| 000 | 00554nam0 2200193 450 | |
| 001 | 0637159859 | |
| 005 | 20060114102109.52 | |
| 010 | @a7-307-02851-4@dCNY19.50 | |
| 100 | @a20060114d2000 km y0chiy0120 ea | |
| 101 | 0 | @achi |
| 102 | @aCN@b420000 | |
| 200 | 1 | @a艺术设计美学@Ayi shu she ji mei xue@f陈望衡主编@Fchen wang heng zhu bian |
| 210 | @a武汉@c武汉大学出版社@d2000.07 | |
| 215 | @a419页@d20cm | |
| 606 | 0 | @a工艺美术@x艺术理论 |
| 690 | @aJ501@v3 | |
| 701 | 0 | @a陈望衡@Achen wang heng@4主编 |
| 801 | 0 | @aCN@bPFT@c20060114 |
| 905 | @a10447@dJ501@eC580 | |
| 艺术设计美学/陈望衡主编.-武汉:武汉大学出版社,2000.07 |
| 419页;20cm |
| ISBN 7-307-02851-4:CNY19.50 |
| ● |
| 相关链接 |
|
|
|
正题名:艺术设计美学
索取号:J501/C580
 
预约/预借
| 序号 | 登录号 | 条形码 | 馆藏地/架位号 | 状态 | 备注 |
| 1 | 442804 | 204428048 | 社科库309/309社科库 85排2列3层/ [索取号:J501/C580] | 在馆 |